000 00356nam a22001457a 4500
008 250915b |||||||| |||| 00| 0 eng d
020 _a9781400203574
050 _aBF431.M39
_bM.39
100 _aMaxwell John C
245 _aBeyond Talent
260 _aTennessee
_bThomas Nelson Inc
_c2007
300 _ax,297p.
650 _aAbility
_vSuccess
942 _cBK
999 _c4473
_d4473